Silencio cómplice / (Record no. 192204)
[ view plain ]
| 000 -LEADER | |
|---|---|
| campo de control de longitud fija | 00977nam a2200277 i 4500 |
| 001 - NÚMERO DE CONTROL | |
| campo de control | 192204 |
| 003 - IDENTIFICADOR DE NÚMERO DE CONTROL | |
| campo de control | ES-MaACL |
| 005 - FECHA Y HORA DE LA ÚLTIMA TRANSACCIÓN | |
| campo de control | 20240202063022.0 |
| 008 - DATOS DE LONGITUD FIJA--INFORMACIÓN GENERAL | |
| campo de control de longitud fija | 221119e20130007sp |||| |||| 0|0 f spa| |
| 020 ## - NÚMERO INTERNACIONAL ESTÁNDAR DEL LIBRO | |
| Número Internacional Estándar del Libro | 9781291489477 |
| 040 ## - FUENTE DE CATALOGACIÓN | |
| Centro catalogador/agencia de origen | ES-BaBC |
| Lengua de catalogación | cat |
| Normas de descripción | rda |
| Centro/agencia transcriptor | ES-BaBC |
| 080 ## - NÚMERO DE LA CLASIFICACIÓN DECIMAL UNIVERSAL | |
| Número de la Clasificación Decimal Universal | 821.134.2-31"19" |
| 100 1# - ENTRADA PRINCIPAL--NOMBRE DE PERSONA | |
| Nombre de persona | Gómez Casañ, Rosa, |
| Fechas asociadas al nombre | 1958- |
| Término indicativo de función/relación | Autor |
| 9 (RLIN) | 226266 |
| 245 10 - MENCIÓN DEL TÍTULO | |
| Título | Silencio cómplice / |
| Mención de responsabilidad, etc. | Rosa Gómez Casañ. |
| 250 ## - MENCION DE EDICION | |
| Mención de edición | Primera edición: julio de 2013 |
| 260 ## - PUBLICACIÓN, DISTRIBUCIÓN, ETC. | |
| Lugar de publicación, distribución, etc. | [España] : |
| Nombre del editor, distribuidor, etc. | Ediciones Lulu, |
| Fecha de publicación, distribución, etc. | 2013. |
| 300 ## - DESCRIPCIÓN FÍSICA | |
| Extensión | 412 páginas ; |
| Dimensiones | 21 cm. |
| 500 ## - NOTA GENERAL | |
| Nota general | En cub.: "Una mujer que experimenta el maltrato, busca salir de él y encontrarse a sí misma" |
| 655 #0 - TERMINO DE INDIZACIÓN--GENERO/FORMA | |
| 9 (RLIN) | 233883 |
| Datos o término principal de género/forma | Novelas psicológicas |
| 852 4# - LOCALIZACIÓN | |
| Ubicación | ES-MaACL |
| Número de control de estantería | N-8156 |
| Donativo/Legado | Donación: Rosa Gómez Casañ |
| Ubicación en estantería | Depósito J |
| itemnumber | 199486 |
| 903 ## - NOMBRE PERSONAL DE DONANTE | |
| 9 | 226266 |
| a | Gómez Casañ, Rosa, |
| d | 1958- |
| e | Donante |
| 942 ## - ELEMENTOS DE ENTRADA SECUNDARIOS (KOHA) | |
| Tipo de ítem Koha | Libro impreso |
| Suprimir en OPAC | No |
| Estatus retirado | Estado de pérdida | Fuente del sistema de clasificación o colocación | Estado de daño | No para préstamo | Biblioteca de origen | Biblioteca actual | Ubicación en estantería | Fecha de adquisición | Fuente de adquisición | Total de préstamos | Signatura topográfica completa | Código de barras | Visto por última vez | Tipo de ítem Koha |
|---|---|---|---|---|---|---|---|---|---|---|---|---|---|---|
| Clasificación decimal universal | Biblioteca del Ateneo de Madrid | Biblioteca del Ateneo de Madrid | Depósito J | 19/11/2022 | Donación | N-8156 | 101206526 | 23/02/2023 | Libro impreso |
